[Event "Val Thorens op 34th"]
[Site "Val Thorens"]
[Date "2008.07.21"]
[Round "3"]
[White "Denis, Bertrand"]
[Black "Derbal, Abdel Karim"]
[Result "1-0"]
[WhiteElo "1860"]
[BlackElo "1740"]
[PlyCount "91"]
[EventDate "2008.07.19"]
[EventType "swiss"]
[EventRounds "9"]
[EventCountry "FRA"]
[SourceTitle "EXT 2009"]
[Source "ChessBase"]
[SourceDate "2008.11.26"]
[SourceVersion "1"]
[SourceVersionDate "2008.11.26"]
[SourceQuality "1"]

1. e4 c5 2. Nf3 d6 3. d4 cxd4 4. Qxd4 a6 5. Bc4 Nc6 6. Qe3 e6 7. 0-0 Be7 8. Rd1 Qc7 9. Qe2 Bf6 10. c3 Nge7 11. Bf4 Ne5 12. Bb3 N7g6 13. Bg3 Nxf3+ 14. Qxf3 Be5 15. Na3 b5 16. Rd2 0-0 17. Rad1 Rd8 18. c4 b4 19. Nc2 a5 20. Ne3 Bb7 21. Bc2 Rd7 22. Bb1 Rad8 23. Ng4 Bxg3 24. Qxg3 Qxc4 25. Rd4 Qc5 26. h4 e5 27. R4d2 Nf4 28. Nf6+ Kf8 29. Nxd7+ Rxd7 30. Qg4 Rd8 31. g3 Ne6 32. Kg2 Nd4 33. f4 h6 34. fxe5 dxe5 35. Rf1 f6 36. Qd1 Re8 37. g4 Ke7 38. Kg3 Qc6 39. g5 fxg5 40. Qh5 gxh4+ 41. Qxh4+ g5 42. Qh5 Qc4 43. Rdf2 Ne2+ 44. Rxe2 Bxe4 45. Rxe4 Qxf1 46. Rxe5+ 1-0

[Event "Val Thorens op 34th"]
[Site "Val Thorens"]
[Date "2008.07.20"]
[Round "2"]
[White "Chaumont, Adeline"]
[Black "Denis, Bertrand"]
[Result "1-0"]
[WhiteElo "2069"]
[BlackElo "1860"]
[PlyCount "33"]
[EventDate "2008.07.19"]
[EventType "swiss"]
[EventRounds "9"]
[EventCountry "FRA"]
[SourceTitle "EXT 2009"]
[Source "ChessBase"]
[SourceDate "2008.11.26"]
[SourceVersion "1"]
[SourceVersionDate "2008.11.26"]
[SourceQuality "1"]

1. d4 Nf6 2. c4 e6 3. Qc2 c5 4. dxc5 Bxc5 5. Nc3 Nc6 6. Bf4 a6 7. e3 b6 8. a3 Nh5 9. Bg3 Nxg3 10. hxg3 g6 11. Bd3 Bb7 12. Ne4 Be7 13. Qc3 f6 14. Ng5 fxg5 15. Qxh8+ Bf8 16. Rxh7 Ne7 17. Qf6 1-0